Lamps and lighting
The book provides knowledge on lamp technology and applications. This book describes the fundamentals of light, vision colour and measurement. The second part of the book deals with lamps and control equipment and includes description of all lamps types in use today. The book also covers interior an...
Spremljeno u:
| Format: | Knjiga |
|---|---|
| Jezik: | Undetermined |
| Izdano: |
London
Arnold
1997
|
| Teme: | |
| Oznake: |
Dodaj oznaku
Bez oznaka, Budi prvi tko označuje ovaj zapis!
|
| Thư viện lưu trữ: | Trung tâm Học liệu Trường Đại học Cần Thơ |
|---|
| LEADER | 00853nam a2200205Ia 4500 | ||
|---|---|---|---|
| 001 | CTU_65866 | ||
| 008 | 210402s9999 xx 000 0 und d | ||
| 020 | |b 2250000 | ||
| 020 | |c 2250000 | ||
| 082 | |a 621.322 | ||
| 082 | |b L239 | ||
| 245 | 0 | |a Lamps and lighting | |
| 245 | 0 | |c J. R. Coaton and A M Marsden | |
| 260 | |a London | ||
| 260 | |b Arnold | ||
| 260 | |c 1997 | ||
| 520 | |a The book provides knowledge on lamp technology and applications. This book describes the fundamentals of light, vision colour and measurement. The second part of the book deals with lamps and control equipment and includes description of all lamps types in use today. The book also covers interior and exterior applications of lighting | ||
| 650 | |a Electric lighting,Electric lamps | ||
| 904 | |i Huỳnh Mai | ||
| 980 | |a Trung tâm Học liệu Trường Đại học Cần Thơ | ||